Geometry and the Imagination /

Saved in:
Bibliographic Details
Main Author: Hilbert, D. (Author)
Other Authors: Cohn-Vossen, S.
Format: Book
Published: AMS 1990
Edition:2. vyd.
Tags: Add Tag
No Tags, Be the first to tag this record!

MARC

LEADER 00000nam a22000003a 4500
001 0080700
003 SK-STU
005 20200309123222.2
007 ta
008 200309s ----xo-----e------000-0-----d
020 |a 978-0-8218-1998-2 
040 |a STU  |b slo 
100 1 |a Hilbert, D.  |4 aut 
245 1 0 |a Geometry and the Imagination /  |c aut. D Hilbert, S Cohn-Vossen 
250 |a 2. vyd. 
260 |b AMS  |c 1990 
300 |a 357 s. 
700 1 |a Cohn-Vossen, S. 
996 |b 284M088360  |c M* 14317-1  |l MMST  |s A  |a 24  |w 0080700_0001